000 00748nam a2200241Ia 4500
003 OSt
005 20220925212433.0
006 a|||||r|||| 00| 0
007 ta
008 220923b |||||||| |||| 00| 0 eng d
037 _cGeneral Book
040 _aRTL
_cRTL
_beng
041 _2eng
_aeng
082 _aY53:3217.3.N7, M0
100 _aEdgell Stephen
_9276800
245 0 _aMiddle -class couples
_b A study of segregation, domination and inequality in marriage
260 _aLondon
_bAllen & Unwin
_c1980
300 _a144p
_ccm.
500 _aBibiliogarphy P 131-39; Appendix P 112-30
650 _aMiddle class
_9236021
942 _hY53:3217.3.N7, M0
_cGB
_2CC
999 _c560354
_d560354